In the line of fire: a memoir (Record no. 5164)

000 -LEADER
fixed length control field 00966 a2200265 4500
003 - CONTROL NUMBER IDENTIFIER
control field NUST
020 ## - INTERNATIONAL STANDARD BOOK NUMBER
International Standard Book Number 0-7432-9582-X
020 ## - INTERNATIONAL STANDARD BOOK NUMBER
International Standard Book Number 978-0-7432-9582-6
038 ## - RECORD CONTENT LICENSOR
Staff Name AZHAR
040 ## - CATALOGING SOURCE
Original cataloging agency DLC
Language of cataloging DLC
082 04 - DEWEY DECIMAL CLASSIFICATION NUMBER
Classification number 954.41
100 1# - MAIN ENTRY--PERSONAL NAME
Personal name Musharraf, Pervez.
9 (RLIN) 13067
245 10 - TITLE STATEMENT
Title In the line of fire: a memoir
Statement of responsibility, etc. Pervez Musharraf.
260 ## - PUBLICATION, DISTRIBUTION, ETC.
Place of publication, distribution, etc. London :
Name of publisher, distributor, etc. Simon & Schuster,
Date of publication, distribution, etc. 2006.
300 ## - PHYSICAL DESCRIPTION
Extent xii, 352 s. :
Other physical details ill.
600 10 - SUBJECT ADDED ENTRY--PERSONAL NAME
Personal name Musharraf, Pervez.
9 (RLIN) 13067
650 #0 - SUBJECT ADDED ENTRY--TOPICAL TERM
Topical term or geographic name entry element Presidents
Geographic subdivision Pakistan
9 (RLIN) 47048
651 #0 - SUBJECT ADDED ENTRY--GEOGRAPHIC NAME
Geographic name Pakistan
General subdivision Politics and government
Chronological subdivision 1988-
9 (RLIN) 384
651 #0 - SUBJECT ADDED ENTRY--GEOGRAPHIC NAME
Geographic name Pakistan
General subdivision History
Chronological subdivision 21st century.
9 (RLIN) 118581
651 #0 - SUBJECT ADDED ENTRY--GEOGRAPHIC NAME
Geographic name Pakistan
General subdivision History
Chronological subdivision 20th century.
9 (RLIN) 13140
651 #0 - SUBJECT ADDED ENTRY--GEOGRAPHIC NAME
Geographic name Pakistan
General subdivision history
-- internal politics
-- nuclear wepons
-- nuclear strategy
-- proliferation
-- terrorism
-- government
9 (RLIN) 118582
651 #0 - SUBJECT ADDED ENTRY--GEOGRAPHIC NAME
Geographic name South Asia
General subdivision regional conflicts
Geographic subdivision Kashmir
-- India
-- Pakistan
9 (RLIN) 118583
651 #0 - SUBJECT ADDED ENTRY--GEOGRAPHIC NAME
Geographic name Pakistan
General subdivision foreign policy
Geographic subdivision USA
9 (RLIN) 118584
942 ## - ADDED ENTRY ELEMENTS (KOHA)
Koha item type Book
Call number prefix 954.91053 MUS
Source of classification or shelving scheme
Holdings
Withdrawn status Lost status Source of classification or shelving scheme Damaged status Not for loan Permanent Location Current Location Shelving location Date acquired Source of acquisition Cost, normal purchase price Total Checkouts Total Renewals Full call number Barcode Date last seen Date last checked out Price effective from Koha item type Checked out Materials specified (bound volume or other part)
          Central Library (CL) Central Library (CL) General Stacks 11/14/2006 Allied Book Company 1165.50 4 2 954.41 MUS SEECS007774 11/17/2023 10/05/2023 01/05/2017 Book    
          Central Library (CL) Central Library (CL) General Stacks 11/14/2006 Allied Book Company 1165.50 8 5 954.41 MUS SEECS007775 02/23/2026 02/23/2026 01/05/2017 Book 03/27/2026  
          Central Library (CL) Central Library (CL) General Stacks 12/21/2006 Saeed Book Bank 0.00 9 4 954.41 MUS SEECS007933 11/13/2023 01/29/2020 01/05/2017 Book    
          Central Library (CL) Central Library (CL) General Stacks 11/14/2006 Allied Book Company 1165.50 8 4 954.41 MUS SEECS007773 11/13/2023 10/02/2023 01/05/2017 Book    
          Central Library (CL) Central Library (CL) General Stacks 12/20/2008 Donation 0.00 3   954.41 MUS SEECS009296 04/10/2016 03/30/2016 01/05/2017 Book    
          Central Library (CL) Central Library (CL) General Stacks 11/14/2006 Allied Book Company 1165.50 10 5 954.41 MUS SEECS007776 10/08/2023 09/17/2023 01/05/2017 Book    
          Central Library (CL) Central Library (CL) General Stacks 11/14/2006 Allied Book Company 1165.50 3 3 954.41 MUS SEECS007772 03/05/2022 11/10/2021 01/05/2017 Book    
          Central Library (CL) Central Library (CL) General Stacks 12/21/2006 Saeed Book Bank 1165.50 9 5 954.41 MUS SEECS007932 02/19/2024 11/22/2023 01/05/2017 Book    
          Central Library (CL) Central Library (CL) General Stacks 11/07/2006 Donated by HQ NUST   14 7 954.41 MUS SEECS007731 04/08/2026 03/10/2026 05/24/2015 Book    
          Central Library (CL) Central Library (CL) General Stacks 08/24/2020 Donation   5 7 954.41 MUS CL-D-950 04/13/2026 12/01/2025 08/24/2020 Book    
          Central Library (CL) Central Library (CL)   01/05/2022 Donated by Col Khalid Mehmood   2   954.41 MUS CL-D-1419 01/27/2025 10/11/2024 01/05/2022 Book    
          Central Library (CL) Central Library (CL)   11/04/2023 Donation   1   954.41 MUS CL-D-2517 06/01/2024 06/01/2024 11/04/2023 Book 07/01/2024 Donation
© 2023 Central Library, National University of Sciences and Technology. All Rights Reserved.